Üç öykü/ (Record no. 13980)

MARC details
000 -BAŞLIK
Sabit Uzunlukta Kontrol Alanı 00741nam a22002417a 4500
999 ## - SİSTEM KONTROL NUMARALARI (KOHA)
Koha Biblionumber 13980
Koha Biblioitemnumber 13980
001 - KONTROL NUMARASI
Denetim Alanı 16009
003 - KONTROL NUMARASI IDENTIFIER
Denetim Alanı MIRAKIL
005 - SON İŞLEM TARİHİ VE ZAMANI
Denetim Alanı 20200826140447.0
008 - SABİT-BOY VERİ ELEMANLARI - GENEL BİLGİLER
Sabit Uzunlukta Kontrol Alanı 200826b tu ||||| |||| 00| 0 tur d
040 ## - KATALOGLAMA KAYNAK
Orijinal Kataloglama Ajansı TR-AnCHP
Kataloglama Dili tur
Metne Dönüştürmek Ajansı TR-AnCHP
041 ## - DİL KODU
Metin / Ses Parça Veya Ayrı Başlığın Dil Kodu tur
082 ## - DEWEY ONLU SINIFLANDIRMA NUMARASI
Sınıflandırma Numarası 891.73
Ürün Numarası G63ü 1999
100 ## - ANA GİRİŞ - KİŞİSEL İSİM
Kişisel Ad Gogol, Nikolay
245 ## - BAŞLIK TABLOSU
Başlık Üç öykü/
Sorumluluk Tablosu, Vb Nikolay Gogol ; çeviren : Erol Güney, Orhan Veli Kanık, Oğuz Peltek
260 ## - YAYIN, DAĞITIM, VB
Yayın, Dağıtım, Vb Yeri İstanbul:
Yayıncı, Dağıtıcı, Vs Adı Cumhuriyet yayınları,
Yayın, Dağıtım, Vb Tarihi 1999.
300 ## - FİZİKSEL TANIM
Kapsam 128 s.:
Boyutlar 18 sm.
490 ## - SERİSİ TABLOSU
Seri Beyanı Dünya Klasikleri Dizisi ;
Hacim / Ardışık Tanımı 29.
650 ## - KONU KATMA GİRİŞ - TOPİKAL DÖNEM
Topikal Süreli Veya Coğrafi Ad Giriş Elemanı Rus edebiyatı
Genel Alt Bölümü Öykü
700 ## - KATMA GİRİŞ - KİŞİSEL İSİM
Kişisel Ad Güney, Erol
9 (RLIN) 6463
Relator Terim çev.
700 ## - KATMA GİRİŞ - KİŞİSEL İSİM
Kişisel Ad Kanık, Orhan Veli
9 (RLIN) 5755
Relator Terim çev.
700 ## - KATMA GİRİŞ - KİŞİSEL İSİM
Kişisel Ad Peltek, Oğuz
9 (RLIN) 6464
Relator Terim çev.
942 ## - EKLENDİ GİRİŞ ELEMANLARI (KOHA)
Sınıflandırma Veya Raf Düzeni Kaynak Dewey Decimal Classification
Koha Öğesi Türü Books
Holdings
Kalıcı Konum Mevcut Konum Edinme Tarihi Toplam Check-Out'Lar Tam Çağrı Numarası Barkod Tarih Son Görülme İtibaren Geçerli Fiyatlar Sigara Kamu Notu Koha Öğesi Türü
CHP Kütüphanesi CHP Kütüphanesi 08/26/2020   891.73 G63ü 1999 019468 08/26/2020 08/26/2020 Emine Başak Alkan Bağışıdır. Books